Abeceda dokonalého trávnika

Bibliographic Details
Main Author: Čurda, Martin (Author)
Format: Article
Language:Slovak
PhysicalDescription:Fotogr.
ISSN:0862-5565
Subjects:

MARC

LEADER 00000nab a2200000 ar4500
001 vtls008840958
003 SK-MaSNL
005 20260303063107.0
008 060821c2006 xo |||||||||||000 b|slo
015 |a SNBRB2006/08  |2 snkbucl 
038 |a SNKBUCL 
040 |a SNKBUCL  |b slo  |c SNKBUCL  |e AACR2 
041 0 |a slo 
044 |a xo  |c SK 
080 |a 635.928  |2 1997 
100 1 |a Čurda, Martin  |4 aut  |9 270110 
245 1 0 |a Abeceda dokonalého trávnika  |c Martin Čurda 
300 |b Fotogr. 
650 0 7 |a trávniky  |2 snkbucl  |9 2724 
650 0 7 |a ošetrovanie rastlín  |2 snkbucl  |9 70471 
773 0 |t Záhradkár  |g Roč. XLII, č. 5 (2006), s. 60-61  |x 0862-5565 
852 |a SNK  |b KIS3GCP 
999 |c 1741713  |d 1743643